Amino acid by codon - Statistics

General Stats
  • This quiz has been taken 3 times
  • The average score is 31 of 48
Answer Stats
Codon Answer % Correct
GCU 1 letter A
100%
GCC 1 letter A
100%
3 letters Ala
100%
3 letters Ala
100%
Full name Alanine
100%
Full name Alanine
100%
3 letters Arg
100%
Full name Arginine
100%
3 letters Asn
100%
Full name Asparagine
100%
GGC 1 letter G
100%
3 letters Gln
100%
Full name Glutamine
100%
3 letters Gly
100%
Full name Glycine
100%
CAC 1 letter H
100%
3 letters His
100%
Full name Histidine
100%
AUU 1 letter I
100%
3 letters Ile
100%
Full name Isoleucine
100%
CUU 1 letter L
100%
CUC 1 letter L
100%
CUA 1 letter L
100%
3 letters Leu
100%
3 letters Leu
100%
3 letters Leu
100%
Full name Leucine
100%
Full name Leucine
100%
Full name Leucine
100%
AAU 1 letter N
100%
UUU 1 letter P
100%
3 letters Phe
100%
Full name Phenylalanine
100%
CAA 1 letter Q
100%
CGC 1 letter R
100%
AGG 1 letter R
100%
UCU 1 letter S
100%
AGU 1 letter S
100%
3 letters Ser
100%
3 letters Ser
100%
Full name Serine
100%
Full name Serine
100%
ACC 1 letter T
100%
3 letters Thr
100%
Full name Threonine
100%
GUU 1 letter V
100%
3 letters Val
100%
Full name Valine
100%
GAG 1 letter E
50%
3 letters Glu
50%
Full name Glutamic acid
50%
GCA 1 letter A
0%
GCG 1 letter A
0%
3 letters Ala
0%
3 letters Ala
0%
Full name Alanine
0%
Full name Alanine
0%
3 letters Arg
0%
3 letters Arg
0%
3 letters Arg
0%
3 letters Arg
0%
3 letters Arg
0%
Full name Arginine
0%
Full name Arginine
0%
Full name Arginine
0%
Full name Arginine
0%
Full name Arginine
0%
3 letters Asn
0%
3 letters Asp
0%
3 letters Asp
0%
Full name Asparagine
0%
Full name Asparatic acid
0%
Full name Asparatic acid
0%
UGU 1 letter C
0%
UGC 1 letter C
0%
3 letters Cys
0%
3 letters Cys
0%
Full name Cysteine
0%
Full name Cysteine
0%
GAU 1 letter D
0%
GAC 1 letter D
0%
GAA 1 letter E
0%
GGU 1 letter G
0%
GGA 1 letter G
0%
GGG 1 letter G
0%
3 letters Gln
0%
3 letters Glu
0%
Full name Glutamate acid
0%
Full name Glutamine
0%
3 letters Gly
0%
3 letters Gly
0%
3 letters Gly
0%
Full name Glycine
0%
Full name Glycine
0%
Full name Glycine
0%
CAU 1 letter H
0%
3 letters His
0%
Full name Histidine
0%
AUC 1 letter I
0%
AUA 1 letter I
0%
3 letters Ile
0%
3 letters Ile
0%
Full name Isoleucine
0%
Full name Isoleucine
0%
AAA 1 letter K
0%
AAG 1 letter K
0%
UUA 1 letter L
0%
UUG 1 letter L
0%
CUG 1 letter L
0%
3 letters Leu
0%
3 letters Leu
0%
3 letters Leu
0%
Full name Leucine
0%
Full name Leucine
0%
Full name Leucine
0%
3 letters Lys
0%
3 letters Lys
0%
Full name Lysine
0%
Full name Lysine
0%
AUG 1 letter M
0%
3 letters Met
0%
Full name Methionine
0%
AAC 1 letter N
0%
UUC 1 letter P
0%
CCU 1 letter P
0%
CCC 1 letter P
0%
CCA 1 letter P
0%
CCG 1 letter P
0%
3 letters Phe
0%
Full name Phenylalanine
0%
3 letters Pro
0%
3 letters Pro
0%
3 letters Pro
0%
3 letters Pro
0%
Full name Proline
0%
Full name Proline
0%
Full name Proline
0%
Full name Proline
0%
CAG 1 letter Q
0%
CGU 1 letter R
0%
CGA 1 letter R
0%
CGG 1 letter R
0%
AGA 1 letter R
0%
UCC 1 letter S
0%
UCA 1 letter S
0%
UCG 1 letter S
0%
AGC 1 letter S
0%
3 letters Ser
0%
3 letters Ser
0%
3 letters Ser
0%
3 letters Ser
0%
Full name Serine
0%
Full name Serine
0%
Full name Serine
0%
Full name Serine
0%
UAA 1 letter Stop
0%
3 letters Stop
0%
Full name Stop
0%
UAG 1 letter Stop
0%
3 letters Stop
0%
Full name Stop
0%
UGA 1 letter Stop
0%
3 letters Stop
0%
Full name Stop
0%
ACU 1 letter T
0%
ACA 1 letter T
0%
ACG 1 letter T
0%
3 letters Thr
0%
3 letters Thr
0%
3 letters Thr
0%
Full name Threonine
0%
Full name Threonine
0%
Full name Threonine
0%
3 letters Trp
0%
Full name Tryptophan
0%
3 letters Tyr
0%
3 letters Tyr
0%
Full name Tyrosine
0%
Full name Tyrosine
0%
GUC 1 letter V
0%
GUA 1 letter V
0%
GUG 1 letter V
0%
3 letters Val
0%
3 letters Val
0%
3 letters Val
0%
Full name Valine
0%
Full name Valine
0%
Full name Valine
0%
UGC 1 letter W
0%
UAU 1 letter Y
0%
UAC 1 letter Y
0%
No matching quizzes found
Score Distribution
Percent of People with Each Score
Percentile by Number Answered
Your Score History
You have not taken this quiz